| 000 | 01385cam a2200349 a 4500 | ||
|---|---|---|---|
| 001 | 6440 | ||
| 003 | FISKH | ||
| 005 | 20260304091033.0 | ||
| 008 | 950726s1996 caua j 000 0beng | ||
| 010 | _a 95032105 | ||
| 020 | _a0152012672 | ||
| 020 | _a9780152020989 | ||
| 040 |
_aDLC _cDLC _dDLC _beng |
||
| 050 | _aGV1061.R83 K78 | ||
| 082 | _a796.42092 | ||
| 100 | 1 | _aKrull, Kathleen. | |
| 245 | 1 | 0 |
_aWilma unlimited : _bhow Wilma Rudolph became the world's fastest woman / _cKathleen Krull ; illustrated by David Diaz. |
| 260 |
_aNew York : _bHoughton Mifflin Harcourt Publishing, _c1996. |
||
| 300 |
_a28 unnnumbered pages : _bcolor illustrations ; _c22 x 28 cm |
||
| 520 | _aA biography of the African-American woman who overcame crippling polio as a child to become the first woman to win three gold medals in track in a single Olympics. | ||
| 600 | 1 | 0 |
_aRudolph, Wilma, _d1940-1994 _vJuvenile literature. |
| 600 | 1 | 1 |
_aRudolph, Wilma, _d1940-1994. |
| 650 | 0 |
_aRunners (Sports) _zUnited States _vBiography _vJuvenile literature. |
|
| 650 | 0 |
_aWomen runners _zUnited States _vBiography _vJuvenile literature. |
|
| 650 | 1 | _aTrack and field athletes. | |
| 650 | 1 |
_aAfrican Americans _vBiography. |
|
| 650 | 1 |
_aWomen _vBiography. |
|
| 700 | 1 |
_aDiaz, David, _eillustrator |
|
| 906 |
_a7 _bcbu _corignew _d1 _eocip _f19 _gy-gencatlg |
||
| 942 |
_2ddc _cBK _n0 |
||
| 999 |
_c6440 _d6440 |
||